00267 2200109 4500245006400000250001100064100002200075005001900097260001800116041001400134336000900148 aLAPORAN KARYA SISWAb : ANTARTIKAcFIKAR RIDHA AZHARhText aCet. 1 aFIKAR RIDHA AZHAR a20240903104131 aJakartac2024 aIndonesia atext